000 00676nam a2200289Ia 4500
005 20260324151017.0
008 008 260324s9999 xx 000 0 eng d
020 _a9780429030949
037 _aEBOOK
040 _aCRL
040 _beng
040 _cCRL
041 _2eng
041 _aeng
084 _qCRL
100 _aFrank Wesley Pitman
_91228411
245 4 _aThe Development of the British West Indies
245 0 _b1700-1763
260 _bTaylor and Francis
260 _c1917
365 _a
365 _b255
856 _uhttp://www.taylorfrancis.com/books/9780429030949
942 _cEBOOK
999 _c1838811
_d1838811